| 000 | 00375nam a22001337a 4500 | ||
|---|---|---|---|
| 020 | _a9787508542768 | ||
| 082 | _a808.02 | ||
| 100 | _aWang, Jianmeng | ||
| 245 |
_aSun Jiadong : life of an aerospace scientist _cWang, Jianmeng |
||
| 260 |
_aChina _bIntercontinental press _c2019 |
||
| 300 | _a212p | ||
| 942 |
_2ddc _cBK |
||
| 999 |
_c586540 _d586540 |
||